书目信息 |
| 题名: |
新编西洋美术作品故事选
|
|
| 作者: | 杨蔼琪 , 赵锐 编著 | |
| 分册: | ||
| 出版信息: | 北京 知识出版社 2003.02 |
|
| 页数: | 102页 | |
| 开本: | 26cm | |
| 丛书名: | ||
| 单 册: | ||
| 中图分类: | J05 | |
| 科图分类: | ||
| 主题词: | 美术--mei shu--鉴赏--西方国家 | |
| 电子资源: | ||
| ISBN: | 7-5015-3757-7 | |
| 000 | 00848nam0 2200241 45 | |
| 001 | 012008283402 | |
| 005 | 20080315134315.04 | |
| 010 | @a7-5015-3757-7@dCNY20.00 | |
| 100 | @a20080315d2003 km y0chiy0120 ea | |
| 101 | 0 | @achi |
| 102 | @aCN@b110000 | |
| 105 | @aa z 000yy | |
| 106 | @ar | |
| 200 | 1 | @a新编西洋美术作品故事选@Axin bian xi yang mei shu zuo pin gu shi xuan@f杨蔼琪, 赵锐编著@Fyang ai qi,zhao rui bian zhu |
| 210 | @a北京@c知识出版社@d2003.02 | |
| 215 | @a102页@c图@d26cm | |
| 330 | @a本书收近50幅世界著名美术作品,介绍了作品所描绘的神话故事、圣经故事、历史故事,是青少年学习、欣赏西洋美术作品首先要接触、了解的内容。 | |
| 606 | 0 | @a美术@Amei shu@x鉴赏@y西方国家 |
| 690 | @aJ05@v4 | |
| 701 | 0 | @a杨蔼琪@Ayang ai qi@4编著 |
| 701 | 0 | @a赵锐@Azhao rui@4编著 |
| 801 | 0 | @aCN@bQSSK@c20080315 |
| 905 | @b20284315-17@dJ05@eY145@f3 | |
| 新编西洋美术作品故事选/杨蔼琪, 赵锐编著.-北京:知识出版社,2003.02 |
| 102页:图;26cm |
| ISBN 7-5015-3757-7:CNY20.00 |
| 本书收近50幅世界著名美术作品,介绍了作品所描绘的神话故事、圣经故事、历史故事,是青少年学习、欣赏西洋美术作品首先要接触、了解的内容。 |
| ● |
| 相关链接 |
|
|
|
正题名:新编西洋美术作品故事选
索取号:J05/Y145
 
预约/预借
| 序号 | 登录号 | 条形码 | 馆藏地/架位号 | 状态 | 备注 |
| 1 | 284315 | 202843156 | 社科库309/309社科库 61排4列4层/ [索取号:J05/Y145] | 在馆 | |
| 2 | 284316 | 202843165 | 社科库309/309社科库 61排4列4层/ [索取号:J05/Y145] | 在馆 | |
| 3 | 284317 | 202843174 | 社科库309/309社科库 61排4列4层/ [索取号:J05/Y145] | 在馆 |